00617nam a2200205Ia 4500008004100000050001200041050001600053100002000069245010200089245002000191260003100211260001000242260001000252300001600262300002000278300001100298500005600309521002700365999001900392170504s9999 xx 000 0 und d aT 58.6  b.Si617 2016 aSingh, Lovedeep aE to e (enquiry to enrollment) tracking system for southville international school and colleges / cLovedeep Singh. aLas Piñas, Philippines : bSISC, c2016. a127 pages : billustrations ; c28 cm. aIncludes bibliographical references and appendices. aInformation Technology c329754d329754